00910nam a2200253 a 450000100060000000300090000600800410001502000180005604000280007404100080010210000470011024501100015725000230026726000400029030000210033049000230035150500830037465000250045765000340048265000360051665000230055265000360057570000450061125660CO-ViMGA141112s2004 ck r 000 u spa d a9789583003677 aCO-ViMGAbspacCO-ViMGA aSPA1 aCaballero Calderón, Eduardo, 1910 - 199310aHistoria en cuentos, 1 / cEduardo Caballero Calderón ; ilustrado por Nora Estela Torres y Daniel Jaime a1a ed., 6a reimpr. aBogotá : bPanAméricana, c2013 a70 p. : il. col. aLiteratura juvenil aLos hijos del Sol - - El pastor de puercos - - La traición de Francisquillo.14aAUTORES COLOMBIANOS 14aCOLOMBIA - HISTORIA - CUENTO 14aCUENTOS INFANTILES COLOMBIANOS 14aDESDE LOS 9 AÑOS14aLITERATURA INFANTIL COLOMBIANA 1 aJaime Aulí, Daniel Torres, Nora Estela